00474nam a2200193 a 4500001001300000003000900013005001700022008004100039020001000080082001800090100002100108245001900129260003700148300000800185500003500193505001300228650001800241700002100259nice12345678IN_TiNIC20260116011806.0050524s0000 beia grp 000 0 ara  ac10000a220.9505bJAD aJadeed, Askandar aQublat-Ul-Maut aBeirutbMarkaz Ilshabiyatac0000 a40p aincludes index and biblioraphy2 aAppendix aBible Stories1 aJadeed, Askandar